000 00530nam a2200181Ia 4500
999 _c14412
_d14412
003 OSt
005 20201020132249.0
008 190216s9999||||xx |||||||||||||| ||und||
020 _a9788126138579
040 _coclc
082 _a891.4414
_bTAG/G
100 1 _aTagore, Rabindranath
_938
_d1861-1941
245 0 _aGitanjali /
_cRabindranath Tagore
260 _bAnmol Publications ,
_aNew Delhi:
_c2009.
300 _a212p
650 _aEnglish Poetry
942 _cBK
_2ddc
_h891.4414
_iTAG/G
_k891.4414
_mTAG/G